Aloca Aluminium Impact Extrusions (Record no. 548901)
[ view plain ]
| 000 -LEADER | |
|---|---|
| fixed length control field | 00332nam a22001217a 4500 |
| 082 ## - DEWEY DECIMAL CLASSIFICATION NUMBER | |
| Classification number | 669.722 |
| Author Mark | ALL |
| -- | L-17, P-2 |
| 100 ## - MAIN ENTRY--PERSONAL NAME | |
| Personal name | Aloca |
| 9 (RLIN) | 45356 |
| 245 ## - TITLE STATEMENT | |
| Title | Aloca Aluminium Impact Extrusions |
| Statement of responsibility, etc. | Aloca |
| 260 ## - PUBLICATION, DISTRIBUTION, ETC. | |
| Place of publication, distribution, etc. | America |
| Name of publisher, distributor, etc. | Aluminium Co |
| Date of publication, distribution, etc. | c1948 |
| 300 ## - PHYSICAL DESCRIPTION | |
| Extent | P43 |
| Other physical details | ill |
| Dimensions | 12cm |
| 526 ## - STUDY PROGRAM INFORMATION NOTE | |
| Program name | 0 |
| Interest level | 0 |
| Reading level | 0 |
| Title point value | 669_722000000000000_ALL |
| 942 ## - ADDED ENTRY ELEMENTS (KOHA) | |
| Source of classification or shelving scheme | |
| Koha item type | Book |
| Withdrawn status | Lost status | Source of classification or shelving scheme | Damaged status | Not for loan | Permanent Location | Current Location | Date acquired | Total Checkouts | Full call number | Barcode | Date last seen | Price effective from | Koha item type |
|---|---|---|---|---|---|---|---|---|---|---|---|---|---|
| Military College of Engineering (MCE) | Military College of Engineering (MCE) | 09/10/2014 | 669.722 ALL | MCE-c40970 | 09/10/2014 | 09/10/2014 | Book |
